Стилистика современного немецкого языка: учебное пособие для вузов

Dettagli Bibliografici
Autore principale: Богатырева Н. А. Нина Алексеевна
Altri autori: Ноздрина Л. А. Людмила Александровна
Riassunto:В учебном пособии рассматриваются традиционные проблемы стилистики с позиции современной научной парадигмы: стилистическая маркированность отдельных лексем и словосочетаний; прагматический потенциал стилистических средств и фигур; стилистическая значимость профессиональных языков, их влияние на узус; тендерный, возрастной и идеологический факторы в стилистическом преломлении и др. Для студентов лингвистических вузов и факультетов. Может быть полезно аспирантам и преподавателям немецкого языка.
Lingua:tedesco
Pubblicazione: Москва, Академия, 2008
Serie:Высшее профессиональное образование. Иностранные языки
Soggetti:
Natura: MixedMaterials Libro
KOHA link:https://koha.lib.tpu.ru/cgi-bin/koha/opac-detail.pl?biblionumber=142689

MARC

LEADER 00000nam0a2200000 4500
001 142689
005 20231031142833.0
010 |a 9785769550218 
035 |a (RuTPU)RU\TPU\book\154619 
035 |a RU\TPU\book\109824 
090 |a 142689 
100 |a 20060918d2008 m y0rusy50 ca 
101 0 |a ger 
102 |a RU 
105 |a y j 000zy 
200 1 |a Стилистика современного немецкого языка  |e учебное пособие для вузов  |f Н. А. Богатырева, Л. А. Ноздрина 
210 |a Москва  |c Академия  |d 2008 
215 |a 336 с. 
225 1 |a Высшее профессиональное образование. Иностранные языки 
330 |a В учебном пособии рассматриваются традиционные проблемы стилистики с позиции современной научной парадигмы: стилистическая маркированность отдельных лексем и словосочетаний; прагматический потенциал стилистических средств и фигур; стилистическая значимость профессиональных языков, их влияние на узус; тендерный, возрастной и идеологический факторы в стилистическом преломлении и др. Для студентов лингвистических вузов и факультетов. Может быть полезно аспирантам и преподавателям немецкого языка. 
610 1 |a немецкий язык 
610 1 |a учебные пособия 
610 1 |a переводы 
610 1 |a словосочетания 
610 1 |a лексемы 
610 1 |a стилистика 
686 |a Ш143.24-923.7  |v LBC/SL-A  |2 rubbk 
700 1 |a Богатырева  |b Н. А.  |g Нина Алексеевна 
701 1 |a Ноздрина  |b Л. А.  |g Людмила Александровна 
801 1 |a RU  |b 63413507  |c 20080910  |g PSBO 
801 2 |a RU  |b 63413507  |c 20130617  |g PSBO 
900 |a Стилистика 
900 |a Стилистика (немецкий) 
942 |c BK 
951 |b 031100  |b 031200 
959 |a 79/20080910  |d 1  |e 0  |f ЧЗИЛ:1